000 00410nam a2200169Ia 4500
008 230711s9999||||xx |||||||||||||| ||und||
020 _a978-1-4087-0152-2
041 _aENG
082 _a800
_bHA-A
100 _aHarford,Tim
245 0 _aAdapt : why success always starts with failure
250 _a1st . Ed.
260 _c2011
_aLondon
_bBlack Swan
300 _a309
650 _aLiterature
942 _cBK
999 _c5308
_d5308